000 00478nam a22001697a 4500
005 20251108173028.0
008 250721s9999 xx 000 0 ara d
082 1 4 _a213.63/شام
100 1 _aالشامي، عبادة فارس
245 1 0 _aمختارات من أحاديث الرسول صلى الله عليه و سلم /
264 _b]د.ن[،
300 _a22 ص.
650 1 7 _aالأحاديث
650 1 7 _aالفضائل
942 _2ddc
_cBK
999 _c94386
_d94386